Normal view
MARC view
- Saldaña, Quintiliano,
Entry Nombre Personal
001 - NUMERO DE CONTROL
- campo de control: 51688
003 - IDENTIFICADOR DE NUMERO DE CONTROL
- campo de control: DLC
005 - FECHA Y HORA DE LA ÜLTIMA TRANSACCIÓN
- campo de control: 20240422163447.0
008 - DATOS DE LONGITUD FIJA
- campo de control de longitud fija: 890511n| acannaabn |a aaa c
010 ## - NÚMERO DE CONTROL DE LA BIBLIOTECA DEL CONGRESO
- Número de control LC: n 88071626
035 ## - NUMERO DE CONTROL
- Número de control: (OCoLC)oca02522723
040 ## - FUENTE DE CATALOGACIÓN
- Agencia original de catalogación: MoSU-L
- Lenguaje de catalogación: spa
- Agencia de transcripción: DLC
- Agencia que lo modifica: DLC
- Agencia que lo modifica: OCoLC
- Agencia que lo modifica: MX-MxUPN
100 1# - ENCABEZAMIENTO - NOMBRE PERSONAL
- Nombre personal: Saldaña, Quintiliano,
- Fechas asociadas con el nombre: 1878-1938
400 1# - VEÁSE - NOMBRE DE PERSONA
- Personal name: Saldaña y Garcia Rubio, Quintiliano,
- Dates associated with a name: 1878-1938
670 ## - FUENTE EN LA QUE SE LOCALIZARON DATOS
- Cita de la fuente: La justicia penal internacional, 1923:
- Información localizada: portada (Quintiliano Saldaña, prof. en la U. de Madrid)
670 ## - FUENTE EN LA QUE SE LOCALIZARON DATOS
- Cita de la fuente: Dicc. encic. compendiado Vox, 1958
- Información localizada: (Saldaña y Garcia Rubio, Quintiliano, 1878-1938)
670 ## - FUENTE EN LA QUE SE LOCALIZARON DATOS
- Cita de la fuente: Siete ensayos sobre sociología sexual, 1930:
- Información localizada: portada (Quintiliano Saldaña)
902 ## - CATALOGADOR
- Catalogador: Víctor Ruiz/220424
